| 000 | 01277nam a22002417a 4500 | ||
|---|---|---|---|
| 999 |
_c21242 _d21242 |
||
| 003 | AR-CdUCM | ||
| 008 | 190305b ||||| |||| 00| 0 spa d | ||
| 020 | _a9786120025581 | ||
| 040 |
_aMUNICIPALIDAD PROVINCIAL DEL CUSCO _cBIBLIOTECA MUNICIPAL DEL CUSCO |
||
| 082 |
_a608 / AR71 _bAR71 |
||
| 100 |
_aArgota Pérez, George _944285 |
||
| 245 | _aMonitoreo biológico ambiental en ecotoxicología acuática / | ||
| 260 |
_aCusco : _bKopy Graf, _c2016. |
||
| 300 |
_a128 paginas ; _c21 cm. |
||
| 505 | _aContenido: Ecotoxicología rama evolutiva en la predicción ambiental referencias -- Costo ambiental de la contaminación -- Panorama general sobre los metales pesados -- Costo ambiental de la contaminación de las aguas -- Eficiencia tecnológica en las plantas de tratamientos ambientales necesidad social -- Medición del costo ambiental sostenible relativo para ecosistemas acuáticos -- Análisis e interpretación evolutiva ambiental -- Problemas sociales de la ciencia interpretación cognoscitiva en ecotoxicología ... | ||
| 650 |
_aBiología _9881 |
||
| 650 |
_aContaminación acuática _944373 |
||
| 650 |
_aEcotoxicología _944374 |
||
| 650 |
_aContaminación ambiental _944359 |
||
| 650 |
_aCosto ambiental _944375 |
||
| 942 |
_2ddc _cLIBROS |
||
| 945 | _aRoel | ||